000
00332nam a2200133Ia 4500
008
150201s2014 xx 000 0 und d
082
_a
617.632
_b
C2012N
100
_a
NEWMAN ,MICHAEL
245
_a
CARRANZAS CLINICAL PERIODONTICS
250
_a
11TH
260
_b
ELSEVIER PUBLICATION
650
_a
PERIODONTICS
942
_2
ddc
_c
BK
_0
3
999
_c
4877
_d
4877